[Event "OL-NORD WEST 1718 SV Lingen - HSK Liste"]
[Site "?"]
[Date "2017.10.08"]
[Round "1.4"]
[White "Kollen, Zyon"]
[Black "Voege, Tobias"]
[Result "1-0"]
[WhiteElo "2296"]
[BlackElo "2184"]
[PlyCount "129"]
[EventDate "2017.??.??"]

1. e4 c5 2. Nf3 Nc6 3. d4 cxd4 4. Nxd4 g6 5. Nc3 Bg7 6. Be3 Nf6 7. Bc4 O-O 8.
Bb3 Qa5 9. O-O d6 10. h3 Bd7 11. Qd3 Rac8 12. f4 Rfd8 13. Rad1 Nxd4 14. Bxd4
Bc6 15. f5 d5 16. e5 Nd7 17. e6 fxe6 18. fxe6 Bxd4+ 19. Qxd4 Nf6 20. Rxf6 exf6
21. e7 Re8 22. Ne4 Qb6 23. Nxf6+ Kf7 24. Qxb6 axb6 25. Nxe8 Kxe8 26. c3 Ra8 27.
Bxd5 Bxd5 28. Rxd5 Rxa2 29. Rb5 Ra6 30. Re5 Ra2 31. Re2 b5 32. Kf2 b4 33. c4
Ra5 34. b3 Rf5+ 35. Kg3 Rf7 36. Re5 Rf6 37. Rb5 b6 38. Rxb4 Kxe7 39. Rb5 Kd7
40. h4 h6 41. Rd5+ Ke7 42. Rd4 Rf1 43. Rg4 Rf6 44. Rf4 Rd6 45. Re4+ Kf6 46. Kf3
Rd1 47. Re3 Rg1 48. g3 Rb1 49. Ke4 Ke6 50. Kd4+ Kd6 51. Kc3 Rf1 52. Kb4 Rf5 53.
Re4 Rf3 54. Rg4 Rf6 55. Kb5 Ke5 56. b4 Re6 57. Rf4 g5 58. hxg5 hxg5 59. Rf8 Kd4
60. Rf5 Kc3 61. c5 g4 62. cxb6 Re4 63. b7 Rxb4+ 64. Kc6 Kd3 65. Rb5 1-0

[Event "OL-NORD WEST 1718 SV Lingen - HSK Liste"]
[Site "?"]
[Date "2017.10.08"]
[Round "1.5"]
[White "Hoerstmann, Rudi"]
[Black "Gazic, Josip"]
[Result "0-1"]
[WhiteElo "2259"]
[BlackElo "2202"]
[PlyCount "144"]
[EventDate "2017.??.??"]

1. d4 d5 2. c4 Nf6 3. cxd5 Qxd5 4. Nc3 Qa5 5. Nf3 Bg4 6. Ne5 Be6 7. e3 Nbd7 8.
Nc4 Bxc4 9. Bxc4 e6 10. O-O c6 11. e4 Nb6 12. Bd3 Qb4 13. Ne2 Rd8 14. Qc2 Qa4
15. b3 Qa5 16. h3 g6 17. a3 Nbd7 18. Bf4 Rc8 19. b4 Qd8 20. Qd2 Bg7 21. Nc1 O-O
22. Nb3 Ne8 23. Bg5 Bf6 24. Bh6 Bg7 25. Bxg7 Nxg7 26. Rad1 Qe7 27. Qe3 b6 28.
Rc1 a5 29. Qd2 a4 30. Na1 e5 31. Ba6 Rc7 32. d5 Qd6 33. Qc2 c5 34. Bb5 f5 35.
Qxa4 Nf6 36. exf5 Nxf5 37. bxc5 Rxc5 38. Rxc5 bxc5 39. Nc2 Nxd5 40. Bc4 Kh8 41.
Qa6 Nb6 42. Rb1 Rf6 43. Bf1 Kg7 44. a4 Nh4 45. Ne3 h5 46. Qb7+ Kh6 47. Rd1 Qf8
48. a5 Rxf2 49. axb6 Qf4 50. Rd3 e4 51. Rb3 Rd2 52. Qc7 Qf2+ 53. Kh1 Rd1 54.
Qh2 Nf5 55. Nxf5+ Qxf5 56. Qg1 Rxf1 57. b7 Qf2 58. Qxf1 Qxf1+ 59. Kh2 Qf4+ 60.
Kg1 Qb8 61. Kf2 c4 62. Rb5 c3 63. Ke3 Qg3+ 64. Kxe4 Qxg2+ 65. Kd4 Qd2+ 66. Kc5
c2 67. b8=Q c1=Q+ 68. Kb6 Qd4+ 69. Ka6 Qc6+ 70. Ka5 Qa1+ 71. Kb4 Qac3+ 72. Ka4
Qa6+ 0-1

[Event "OL-NORD WEST 1718 SV Lingen - HSK Liste"]
[Site "?"]
[Date "2017.10.08"]
[Round "1.6"]
[White "Milosevic, Aleksandar"]
[Black "Hampel, Felix"]
[Result "1/2-1/2"]
[WhiteElo "2272"]
[BlackElo "2201"]
[PlyCount "118"]
[EventDate "2017.??.??"]

1. Nf3 g6 2. d4 Bg7 3. c4 d6 4. Nc3 Bg4 5. e3 c5 6. Be2 cxd4 7. exd4 Nc6 8. d5
Bxf3 9. Bxf3 Ne5 10. Be2 Nf6 11. O-O O-O 12. Be3 a6 13. f4 Ned7 14. g4 Nc5 15.
Bd4 Qc7 16. Rc1 e6 17. b4 Ncd7 18. dxe6 fxe6 19. f5 gxf5 20. gxf5 e5 21. Be3
Kh8 22. c5 dxc5 23. Nd5 Nxd5 24. Qxd5 b6 25. bxc5 Nxc5 26. Bxc5 bxc5 27. Rxc5
Qb6 28. Kh1 Rad8 29. Qc6 Qb2 30. Rc2 Qd4 31. f6 Bh6 32. f7 Rd6 33. Qf3 Qh4 34.
Rc4 Bf4 35. Qg2 Rh6 36. Rf2 Rg6 37. Qf1 Rxf7 38. Rc8+ Kg7 39. Bd3 Rd6 40. Bc4
Rfd7 41. Bb3 Kh6 42. Rc3 Qd8 43. Rxf4 Rd1 44. Rh3+ Kg5 45. Rg3+ Kh5 46. Rh3+
Kg5 47. Rg3+ Kh5 48. Rh3+ Kg5 49. Rg3+ Kh5 50. Rf5+ Kh6 51. Rh3+ Kg6 52. Rg3+
Kh6 53. Rh3+ Kg6 54. Rg3+ Kh6 55. Rh3+ Kg6 56. Rg3+ Kh6 57. Rh3+ Kg6 58. Rg3+
Kh6 59. Rh3+ Kg6 1/2-1/2

[Event "OL-NORD WEST 1718 SV Lingen - HSK Liste"]
[Site "?"]
[Date "2017.10.08"]
[Round "1.7"]
[White "Virag, Attila Aba"]
[Black "Schlierf, Heiko"]
[Result "1/2-1/2"]
[WhiteElo "2281"]
[BlackElo "1846"]
[PlyCount "76"]
[EventDate "2017.??.??"]

1. e4 d5 2. e5 c5 3. f4 Nc6 4. c3 Qc7 5. Na3 a6 6. Nc2 b5 7. Nf3 Bg4 8. Be2 e6
9. O-O Nge7 10. Kh1 Nf5 11. Ne3 Nxe3 12. dxe3 Be7 13. a4 b4 14. Bd2 Bf5 15.
cxb4 cxb4 16. Nd4 Nxd4 17. exd4 O-O 18. Rc1 Qb6 19. Be3 Rfc8 20. Qb3 Qb7 21.
Kg1 Rxc1 22. Rxc1 Rc8 23. Qd1 Rxc1 24. Qxc1 Kf8 25. Kf2 Ke8 26. g4 Be4 27. Kg3
Kd8 28. Qf1 a5 29. f5 Qc7 30. fxe6 fxe6 31. Bd3 Bxd3 32. Qxd3 g6 33. Qa6 Kd7
34. Qb5+ Kd8 35. h4 Bf8 36. Qf1 Ke8 37. h5 Be7 38. Qd3 Qc4 {(=)} 1/2-1/2

[Event "OL-NORD WEST 1718 SV Lingen - HSK Liste"]
[Site "?"]
[Date "2017.10.08"]
[Round "1.8"]
[White "Miljkovic, Jovana"]
[Black "Gentemann, Moritz"]
[Result "0-1"]
[WhiteElo "1881"]
[BlackElo "2189"]
[PlyCount "76"]
[EventDate "2017.??.??"]

1. Nf3 c5 2. c4 Nf6 3. Nc3 d5 4. cxd5 Nxd5 5. g3 Nc6 6. Bg2 Nc7 7. O-O e5 8.
Qa4 Bd7 9. d3 Be7 10. Be3 O-O 11. Rac1 Kh8 12. Ne4 b6 13. Bg5 Nd4 14. Qd1 Nxf3+
15. Bxf3 Bxg5 16. Nxg5 Qxg5 17. Bxa8 Rxa8 18. b4 Ne6 19. bxc5 Nxc5 20. d4 Ba4
21. Qe1 exd4 22. Qb4 d3 23. exd3 Bc6 24. Qc3 Qd5 25. f3 Rd8 26. Rcd1 h5 27. d4
Ne6 28. Rf2 Bb7 29. Kg2 Rc8 30. Qa3 a6 31. h4 Kg8 32. Kh2 Nxd4 33. Rd3 Qe5 34.
Re3 Qf6 35. Qd3 g6 36. Kg2 Kg7 37. Rd2 Nxf3 38. Rxf3 Rc3 0-1

[Event "OL-NORD WEST 1718 Nordhorn Blanke - Bre"]
[Site "?"]
[Date "2017.10.08"]
[Round "1.1"]
[White "Zeitlein, Michael"]
[Black "Kroeze, Frank M"]
[Result "1/2-1/2"]
[WhiteElo "2346"]
[BlackElo "2397"]
[PlyCount "29"]
[EventDate "2017.??.??"]

1. e4 c5 2. Nf3 e6 3. c3 d5 4. exd5 exd5 5. d4 Bd6 6. Be3 c4 7. b3 cxb3 8. axb3
Ne7 9. Bd3 Bf5 10. O-O Nbc6 11. Bg5 f6 12. Bh4 Qd7 13. Re1 Kf7 14. Ra2 Rhe8 15.
Bg3 {(=)} 1/2-1/2

[Event "OL-NORD WEST 1718 Nordhorn Blanke - Bre"]
[Site "?"]
[Date "2017.10.08"]
[Round "1.2"]
[White "Elgersma, Simon"]
[Black "Hundack, Rolf"]
[Result "0-1"]
[WhiteElo "2158"]
[BlackElo "2096"]
[PlyCount "68"]
[EventDate "2017.??.??"]

1. e4 e5 2. Nf3 Nc6 3. Bb5 g6 4. c3 a6 5. Ba4 d6 6. d4 Bd7 7. O-O Bg7 8. Re1
Nf6 9. Nbd2 b5 10. Bc2 O-O 11. h3 Re8 12. Nf1 h6 13. Ng3 Na5 14. Nh2 c5 15. d5
b4 16. cxb4 cxb4 17. b3 Nb7 18. Be3 Kh7 19. Qd2 a5 20. a3 bxa3 21. Rxa3 Bb5 22.
Rea1 Qc7 23. Bd1 Ra6 24. h4 Rea8 25. Ng4 Nxg4 26. Bxg4 h5 27. Bf3 Rc8 28. Qd1
Qe7 29. Bxh5 Qxh4 30. Be2 Bxe2 31. Qxe2 Raa8 32. b4 Bh6 33. Bxh6 Qxh6 34. Nf5
Rc1+ 0-1

[Event "OL-NORD WEST 1718 Nordhorn Blanke - Bre"]
[Site "?"]
[Date "2017.10.08"]
[Round "1.3"]
[White "Issing, Peter"]
[Black "Plasman, Hans"]
[Result "1/2-1/2"]
[WhiteElo "2197"]
[BlackElo "2206"]
[PlyCount "89"]
[EventDate "2017.??.??"]

1. d4 g6 2. c4 Bg7 3. Nc3 c5 4. Nf3 d6 5. h3 cxd4 6. Nxd4 Nc6 7. e3 Nf6 8. Be2
O-O 9. O-O Bd7 10. b3 a6 11. Bb2 Qa5 12. Qd2 Rfc8 13. Rfd1 b5 14. cxb5 Nxd4 15.
exd4 axb5 16. Bf3 b4 17. Ne2 d5 18. a3 bxa3 19. Qxa5 Rxa5 20. Rxa3 Raa8 21.
Rda1 Rab8 22. Bc1 Rc2 23. Bf4 Rbc8 24. Be3 Bf5 25. Ra7 Be4 26. Bxe4 Nxe4 27.
Nf4 e6 28. Rb7 Nd6 29. Rd7 Nb5 30. Ra4 Bh6 31. g3 Kg7 32. Nxe6+ Kf6 33. Nf4
Bxf4 34. Bxf4 Ke6 35. Rb7 Nc3 36. Ra6+ Kf5 37. Rxf7+ Ke4 38. Be3 Rb2 39. Rxh7
Rxb3 40. Rxg6 Rf8 41. Kg2 Nd1 42. Re6+ Kd3 43. Rh4 Rb2 44. Rf4 Rxf4 45. Bxf4
1/2-1/2

[Event "OL-NORD WEST 1718 Nordhorn Blanke - Bre"]
[Site "?"]
[Date "2017.10.08"]
[Round "1.4"]
[White "Oehne, Timo"]
[Black "Juhnke, Karl"]
[Result "1-0"]
[WhiteElo "2136"]
[BlackElo "2165"]
[PlyCount "59"]
[EventDate "2017.??.??"]

1. e4 c5 2. Nf3 d6 3. d4 cxd4 4. Nxd4 Nf6 5. Nc3 a6 6. Bd3 g6 7. O-O Bg7 8. Bg5
Nc6 9. Nxc6 bxc6 10. Qd2 h6 11. Bf4 e5 12. Be3 Ng4 13. Bc4 Nxe3 14. Qxe3 O-O
15. Rad1 Rb8 16. b3 Qe7 17. Qd3 Rd8 18. Bxa6 Be6 19. Bc4 Rb4 20. Bxe6 fxe6 21.
Na4 Rd4 22. Qe2 d5 23. Rxd4 exd4 24. exd5 Rxd5 25. Qe4 Kh7 26. Nb6 Rc5 27. Nc4
e5 28. a4 Qb7 29. h4 h5 30. Rd1 1-0

[Event "OL-NORD WEST 1718 Nordhorn Blanke - Bre"]
[Site "?"]
[Date "2017.10.08"]
[Round "1.5"]
[White "Krajina, Davor"]
[Black "Baisakow, Alexander"]
[Result "0-1"]
[WhiteElo "2269"]
[BlackElo "2186"]
[PlyCount "82"]
[EventDate "2017.??.??"]

1. b3 e5 2. Bb2 Nc6 3. e3 Nf6 4. Bb5 d6 5. Ne2 a6 6. Bxc6+ bxc6 7. O-O Be7 8.
d3 O-O 9. Nd2 Bd7 10. Ng3 Ng4 11. d4 f5 12. dxe5 Nxe5 13. Nf3 Ng4 14. Nh5 Nf6
15. Nxf6+ Bxf6 16. Bxf6 Qxf6 17. Qd4 Qe7 18. Rad1 Be6 19. c4 c5 20. Qh4 Qxh4
21. Nxh4 f4 22. exf4 Rxf4 23. g3 Rd4 24. Rfe1 Re8 25. Rxd4 cxd4 26. Nf5 d3 27.
Ne3 Bg4 28. h3 Bf3 29. Rb1 d2 30. Kf1 Rxe3 31. fxe3 d1=Q+ 32. Rxd1 Bxd1 33. Ke1
Bf3 34. Kd2 Kf7 35. b4 Bc6 36. Kd3 Bd7 37. h4 c5 38. a3 Ke6 39. Ke4 Bc6+ 40.
Kf4 Ba4 41. Ke4 Bc2+ 0-1

[Event "OL-NORD WEST 1718 Nordhorn Blanke - Bre"]
[Site "?"]
[Date "2017.10.08"]
[Round "1.6"]
[White "Hoellmann, Ludger"]
[Black "Giel, Olaf"]
[Result "1-0"]
[WhiteElo "2111"]
[BlackElo "2135"]
[PlyCount "85"]
[EventDate "2017.??.??"]

1. Nf3 c5 2. c4 g6 3. d4 cxd4 4. Nxd4 Bg7 5. e4 d6 6. Nc3 Nf6 7. Be2 O-O 8. Be3
Nc6 9. O-O Nxd4 10. Bxd4 Ne8 11. Rc1 b6 12. Be3 Nc7 13. Qd2 Bb7 14. f3 Rc8 15.
Rfd1 Ne6 16. Nd5 Qd7 17. b3 Nc7 18. Nc3 Qe6 19. Bf1 h5 20. a4 Kh7 21. Re1 Bc6
22. Nd5 Bxd5 23. cxd5 Qe5 24. Rc2 Na8 25. Rec1 Rcd8 26. Bd3 e6 27. dxe6 fxe6
28. Rc6 Rf7 29. f4 Qf6 30. b4 Bh6 31. g3 h4 32. Bf1 hxg3 33. hxg3 e5 34. Bc4
Rg7 35. Rf1 Re7 36. Qh2 Kg7 37. Qxh6+ Kxh6 38. fxe5+ Qg5 39. Bxg5+ Kxg5 40.
Rxd6 Rh8 41. Bf7 Rh6 42. e6 Rc7 43. Rf2 1-0

[Event "OL-NORD WEST 1718 Nordhorn Blanke - Bre"]
[Site "?"]
[Date "2017.10.08"]
[Round "1.7"]
[White "Peters, Frank"]
[Black "Bierenbroodspot, Paul"]
[Result "1/2-1/2"]
[WhiteElo "2097"]
[BlackElo "2081"]
[PlyCount "32"]
[EventDate "2017.??.??"]

1. c4 c6 2. d4 d5 3. e3 e6 4. Qc2 Bd6 5. Nf3 f5 6. b3 Nf6 7. Bb2 Ne4 8. Be2 Nd7
9. O-O Qf6 10. Nbd2 O-O 11. a4 a5 12. Ba3 Bxa3 13. Rxa3 b6 14. cxd5 exd5 15.
Ra2 Bb7 16. Qb2 Qe7 {(=)} 1/2-1/2

[Event "OL-NORD WEST 1718 Nordhorn Blanke - Bre"]
[Site "?"]
[Date "2017.10.08"]
[Round "1.8"]
[White "Bos, Robin"]
[Black "Rust-Lux, Klaus"]
[Result "1/2-1/2"]
[WhiteElo "1971"]
[BlackElo "2065"]
[PlyCount "110"]
[EventDate "2017.??.??"]

1. e4 d6 2. d4 Nf6 3. Nc3 g6 4. f3 c6 5. Be3 Nbd7 6. Qd2 Qa5 7. O-O-O Bg7 8.
Kb1 b5 9. Bd3 b4 10. Nce2 Rb8 11. Nc1 O-O 12. g4 h5 13. g5 Ne8 14. f4 Nc7 15.
Nf3 Nb5 16. Nb3 Qa4 17. f5 c5 18. fxg6 fxg6 19. Nh4 cxd4 20. Bxb5 Rxb5 21. Bxd4
Bxd4 22. Qxd4 Ne5 23. Rhf1 Rxf1 24. Rxf1 Be6 25. Qf2 Rb8 26. Ng2 Bc4 27. Rd1
Rf8 28. Nf4 Qa6 29. Qd2 Rf7 30. Nd5 Nc6 31. Nxb4 Nxb4 32. Qxb4 Qb5 33. Qd2 Qe5
34. Re1 Rf4 35. Qe3 a6 36. Nd2 Be6 37. Nf3 Rxf3 38. Qxf3 Bxa2+ 39. Ka1 Bc4 40.
Rd1 Qxh2 41. Qc3 Bf7 42. Rb1 Qe2 43. Qd3 Qg4 44. Qe3 Qe6 45. b3 a5 46. Kb2 a4
47. Ra1 axb3 48. Ra8+ Kh7 49. Qc3 Bg8 50. cxb3 Qxe4 51. Qc2 Qd4+ 52. Ka3 Qa1+
53. Kb4 Qd4+ 54. Ka3 Qa1+ 55. Kb4 Qd4+ 1/2-1/2

[Event "OL-NORD WEST 1718 SF Hannover - HSK Lis"]
[Site "?"]
[Date "2017.10.23"]
[Round "2.1"]
[White "Hoffmann, Lukas"]
[Black "Schirm, Friedmar"]
[Result "1-0"]
[WhiteElo "2297"]
[BlackElo "2271"]
[PlyCount "107"]
[EventDate "2017.??.??"]

1. d4 d5 2. c4 c6 3. cxd5 cxd5 4. Nc3 Nf6 5. Bf4 g6 6. e3 Bg7 7. Bd3 O-O 8. h3
Nc6 9. Nf3 a6 10. O-O Bf5 11. Bxf5 gxf5 12. Ne5 Rc8 13. Qb3 b5 14. a4 bxa4 15.
Qxa4 Nxe5 16. Bxe5 Ra8 17. Qc6 Qc8 18. Qxc8 Rfxc8 19. Bxf6 Bxf6 20. Nxd5 Rc6
21. Rfc1 Rxc1+ 22. Rxc1 Kg7 23. Rc7 e6 24. Nf4 Kf8 25. Nd3 a5 26. g3 a4 27. Kg2
a3 28. bxa3 Rxa3 29. Nc5 Ra2 30. Rb7 Rc2 31. Rb3 Ra2 32. Rd3 Rc2 33. Nb3 Rb2
34. Nd2 Be7 35. Nf3 Bd6 36. Rd2 Rb5 37. Rc2 h6 38. Rc8+ Kg7 39. Rc6 Be7 40. Rc7
Bd6 41. Rc2 Kf6 42. Ra2 Rb6 43. Ra7 Rc6 44. Rd7 Ra6 45. Nd2 Rc6 46. g4 Bb4 47.
Nf3 Bd6 48. gxf5 exf5 49. Rb7 Ra6 50. Rb5 Ra4 51. Nh4 f4 52. Nf5 Bf8 53. e4 Ra3
54. Rb8 1-0

[Event "OL-NORD WEST 1718 SF Hannover - HSK Lis"]
[Site "?"]
[Date "2017.10.23"]
[Round "2.2"]
[White "Ackermann, Dennie"]
[Black "Buchenau, Frank"]
[Result "1-0"]
[WhiteElo "2172"]
[BlackElo "2242"]
[PlyCount "119"]
[EventDate "2017.??.??"]

1. d4 e6 2. e4 d5 3. exd5 exd5 4. Bd3 Bd6 5. Nf3 Nc6 6. O-O Bg4 7. Re1+ Nge7 8.
c3 Qd7 9. Nbd2 O-O 10. Nf1 Bf5 11. Ne3 Bxd3 12. Qxd3 Nd8 13. c4 dxc4 14. Qxc4
c6 15. Rd1 Bf4 16. g3 Bxe3 17. fxe3 Qg4 18. Rf1 Nd5 19. Bd2 Re8 20. Rae1 f6 21.
Nh4 Nf7 22. Qe2 Qxe2 23. Rxe2 Nd6 24. Bc1 Re4 25. Ng2 Rae8 26. Kf2 g5 27. a3
Kg7 28. Ne1 Nf5 29. Nc2 h5 30. Kf3 Kg6 31. h3 h4 32. gxh4 Rxh4 33. e4 Rxh3+ 34.
Kg2 Ng3 35. Kxh3 Nxf1 36. Kg2 Rh8 37. exd5 cxd5 38. Bxg5 Kxg5 39. Kxf1 Kf4 40.
Kg2 Rg8+ 41. Kf2 Rh8 42. Ne1 Rh2+ 43. Ng2+ Kf5 44. Re7 b5 45. Kg3 Rh1 46. Ne3+
Kg6 47. Rxa7 Rb1 48. b4 Rb3 49. Kf4 Rd3 50. Nf5 Rd1 51. Kg4 Rg1+ 52. Ng3 Rd1
53. Ne2 Rd2 54. Nf4+ Kh6 55. Ne6 Re2 56. Kf5 Rf2+ 57. Nf4 Rd2 58. Nxd5 Rxd4 59.
Nxf6 Rf4+ 60. Kxf4 1-0

[Event "OL-NORD WEST 1718 SF Hannover - HSK Lis"]
[Site "?"]
[Date "2017.10.23"]
[Round "2.3"]
[White "Hoerstmann, Martin"]
[Black "Boehm, Juergen"]
[Result "1/2-1/2"]
[WhiteElo "2255"]
[BlackElo "2184"]
[PlyCount "55"]
[EventDate "2017.??.??"]

1. Nf3 d5 2. g3 c6 3. Bg2 Bg4 4. c4 e6 5. cxd5 Bxf3 6. Bxf3 cxd5 7. O-O Nf6 8.
d3 Nc6 9. Nc3 Be7 10. Bf4 O-O 11. Qa4 Rc8 12. Rfc1 a6 13. Bg2 Qb6 14. Qd1 Ng4
15. Qe1 Bc5 16. Nd1 Bb4 17. Bd2 Bxd2 18. Qxd2 Rfd8 19. Rc3 h6 20. Rac1 Qb4 21.
a3 Qd6 22. d4 Nf6 23. Qd3 Ne7 24. e3 Rxc3 25. Rxc3 Rc8 26. Kf1 Rxc3 27. Nxc3
Qc6 28. Ke1 1/2-1/2

[Event "OL-NORD WEST 1718 SF Hannover - HSK Lis"]
[Site "?"]
[Date "2017.10.23"]
[Round "2.5"]
[White "Hoerstmann, Rudi"]
[Black "Kaimer, Thomas"]
[Result "1-0"]
[WhiteElo "2259"]
[BlackElo "2184"]
[PlyCount "67"]
[EventDate "2017.??.??"]

1. Nf3 Nf6 2. c4 c5 3. Nc3 Nc6 4. g3 d5 5. cxd5 Nxd5 6. Bg2 Nc7 7. a3 e5 8. b4
f6 9. Qa4 Bd7 10. bxc5 Nd4 11. Qd1 Bxc5 12. Nxd4 Bxd4 13. Rb1 b6 14. Ne4 Bc6
15. Qc2 Bd5 16. O-O f5 17. e3 fxe4 18. exd4 Ne6 19. Qa4+ Kf7 20. dxe5 Ng5 21.
d3 Nf3+ 22. Kh1 Nxe5 23. dxe4 Bc4 24. Rd1 Qc8 25. Be3 b5 26. Qb4 Nd3 27. Qc3
Qe6 28. Rxd3 Bxd3 29. Qxd3 a6 30. e5 Rad8 31. Qe4 g6 32. a4 Kg7 33. axb5 axb5
34. Bg5 1-0

[Event "OL-NORD WEST 1718 SF Hannover - HSK Lis"]
[Site "?"]
[Date "2017.10.23"]
[Round "2.6"]
[White "Edel, Thomas"]
[Black "Hampel, Felix"]
[Result "0-1"]
[WhiteElo "2107"]
[BlackElo "2201"]
[PlyCount "72"]
[EventDate "2017.??.??"]

1. d4 g6 2. c4 Bg7 3. Nc3 d6 4. Nf3 Nd7 5. e4 e5 6. d5 a5 7. h3 Nc5 8. Bg5 f6
9. Be3 f5 10. Bxc5 dxc5 11. Bd3 Nh6 12. Qc2 O-O 13. O-O-O Bd7 14. Rde1 Re8 15.
Kb1 a4 16. Rhg1 Qf6 17. Nh2 Nf7 18. f3 Nd6 19. a3 Reb8 20. g4 fxg4 21. fxg4 b5
22. Ref1 Qd8 23. Nxb5 Nxb5 24. cxb5 Bxb5 25. Bxb5 Rxb5 26. Qc4 Rab8 27. Rg2 Bh6
28. Nf3 Bf4 29. Rd1 Qd6 30. Re1 Rb3 31. Rf1 Rxa3 32. Ne1 Rab3 33. Qxa4 Qb6 34.
Rff2 Be3 35. Qd7 Bxf2 36. Rxf2 Rxb2+ 0-1

[Event "OL-NORD WEST 1718 SF Hannover - HSK Lis"]
[Site "?"]
[Date "2017.10.23"]
[Round "2.7"]
[White "Gentemann, Moritz"]
[Black "Liebau, Andreas"]
[Result "0-1"]
[WhiteElo "2189"]
[BlackElo "2227"]
[PlyCount "68"]
[EventDate "2017.??.??"]

1. e4 d6 2. d4 Nf6 3. Nc3 e5 4. Nf3 Nbd7 5. Bc4 Be7 6. a4 c6 7. O-O a5 8. h3
Qc7 9. Re1 h6 10. Ba2 g5 11. Nh2 Nf8 12. Nf1 Ne6 13. Be3 Nf4 14. Ng3 h5 15. Nf5
h4 16. f3 N6h5 17. Qd2 Bxf5 18. exf5 Ng3 19. Bxf4 gxf4 20. f6 Bxf6 21. Qxf4 Qe7
22. dxe5 dxe5 23. Qc4 O-O-O 24. Rad1 Rxd1 25. Rxd1 Bg5 26. Ne2 Rd8 27. Rxd8+
Qxd8 28. Nxg3 hxg3 29. Qe2 Qd4+ 30. Kf1 Qxb2 31. Bxf7 Qa1+ 32. Qe1 Qd4 33. Bb3
Bd2 34. Qe2 Qa1+ 0-1

[Event "OL-NORD WEST 1718 SF Hannover - HSK Lis"]
[Site "?"]
[Date "2017.10.23"]
[Round "2.8"]
[White "Herrmann, Andreas"]
[Black "Polster, Christian"]
[Result "0-1"]
[WhiteElo "2163"]
[BlackElo "2144"]
[PlyCount "154"]
[EventDate "2017.??.??"]

1. d4 Nf6 2. Nf3 e6 3. c3 c5 4. Bf4 cxd4 5. Nxd4 a6 6. Nd2 Nc6 7. e3 d5 8. Be2
Bd6 9. Bg3 e5 10. Nxc6 bxc6 11. O-O O-O 12. c4 Qe7 13. Qc2 Re8 14. Rac1 h6 15.
Rfd1 Bb7 16. Bf3 a5 17. Qa4 Nd7 18. cxd5 cxd5 19. Qb5 Nc5 20. Qf1 f5 21. h3 f4
22. exf4 e4 23. Be2 e3 24. Nf3 exf2+ 25. Bxf2 Qxe2 26. Qxe2 Rxe2 27. Bxc5 Bxf4
28. Re1 Rxb2 29. Bd4 Bxc1 30. Rxc1 Rb4 31. Rc7 Rxd4 32. Nxd4 Ba6 33. Nf5 Bc4
34. a3 Ra6 35. Rxg7+ Kf8 36. Rc7 Rf6 37. g4 Bd3 38. Nd4 Rf1+ 39. Kh2 Ra1 40.
Rc3 Be4 41. Kg3 Rd1 42. Ne6+ Ke7 43. Nf4 Kd6 44. Rb3 Rf1 45. Ne2 Ke5 46. a4 Rf6
47. h4 d4 48. g5 hxg5 49. hxg5 Bd5 50. Rb5 Rf3+ 51. Kg4 Rf2 52. Nc1 Ke4 53. g6
Rc2 54. Nb3 Rg2+ 55. Kh5 Bxb3 56. Rxb3 d3 57. Rb8 Ke3 58. Re8+ Kf2 59. Rd8 Ke2
60. Re8+ Kf1 61. Rd8 d2 62. g7 Ke2 63. Re8+ Kd3 64. Rd8+ Kc2 65. Rc8+ Kb3 66.
Rd8 Rxg7 67. Rxd2 Kxa4 68. Rd4+ Kb3 69. Rd3+ Kc4 70. Rf3 a4 71. Rf4+ Kb3 72.
Rf3+ Kb2 73. Rf2+ Kc3 74. Rf3+ Kd2 75. Rf2+ Ke3 76. Ra2 Ra7 77. Kg4 a3 0-1

[Event "OL-NORD WEST 1718 Bremer SG - SV Lingen"]
[Site "?"]
[Date "2017.10.23"]
[Round "2.1"]
[White "Epishin, Vladimir"]
[Black "Zeitlein, Michael"]
[Result "1-0"]
[WhiteElo "2519"]
[BlackElo "2346"]
[PlyCount "81"]
[EventDate "2017.??.??"]

1. d4 Nf6 2. Nf3 g6 3. g3 Bg7 4. Bg2 d5 5. O-O O-O 6. Nbd2 c6 7. b3 a5 8. c4 a4
9. Ba3 Re8 10. e3 Bf5 11. Qe2 Ne4 12. Rfc1 axb3 13. axb3 Qd7 14. Bb2 Rxa1 15.
Rxa1 Na6 16. Nf1 Bg4 17. h4 h5 18. N1h2 Bf5 19. Bf1 Rd8 20. Qe1 Ra8 21. Nd2
Nxd2 22. Qxd2 Nc7 23. Rxa8+ Nxa8 24. Qb4 Bf8 25. Ba3 b6 26. Nf3 f6 27. Nd2 Qb7
28. Bg2 Nc7 29. e4 Be6 30. exd5 cxd5 31. c5 b5 32. Qa5 Bd7 33. b4 e6 34. Nb3
Be7 35. Bc1 Bd8 36. Bf4 Kf7 37. Qb6 Qc8 38. c6 Be8 39. Qb7 Qa8 40. Na5 Qa6 41.
Qb8 1-0

[Event "OL-NORD WEST 1718 Bremer SG - SV Lingen"]
[Site "?"]
[Date "2017.10.23"]
[Round "2.2"]
[White "Borik, Otto"]
[Black "Milanovic, Danilo"]
[Result "0-1"]
[WhiteElo "2363"]
[BlackElo "2488"]
[PlyCount "104"]
[EventDate "2017.??.??"]

1. d4 Nf6 2. Nf3 c5 3. e3 g6 4. c4 Bg7 5. Nc3 O-O 6. Be2 cxd4 7. exd4 d5 8. O-O
Nc6 9. h3 dxc4 10. Bxc4 Na5 11. Be2 Be6 12. Ne5 Rc8 13. Bf3 Bd5 14. Nxd5 Nxd5
15. Qa4 a6 16. Bd2 Nc6 17. Nxc6 Rxc6 18. Rac1 Rd6 19. Rfd1 e6 20. Ba5 Qd7 21.
Qa3 Rc6 22. Rxc6 Qxc6 23. Bd2 Qd7 24. Qb3 Rc8 25. Bc3 Rd8 26. Ba5 b6 27. Bc3 b5
28. a3 Qc6 29. Ba5 Rc8 30. Bxd5 exd5 31. Bc3 Qc4 32. Qxc4 dxc4 33. Kf1 Rd8 34.
Ke2 Kf8 35. a4 Ke7 36. axb5 axb5 37. Ke3 Ra8 38. Ke4 Kd6 39. Bb4+ Kc6 40. d5+
Kd7 41. Bc3 Re8+ 42. Kf3 Bxc3 43. bxc3 Kd6 44. Ra1 Re5 45. Ra7 Rxd5 46. Rxf7
Rd3+ 47. Ke4 Rxc3 48. Rxh7 b4 49. Kd4 Rc2 50. Rg7 b3 51. Rxg6+ Ke7 52. Rb6 b2
0-1

[Event "OL-NORD WEST 1718 Bremer SG - SV Lingen"]
[Site "?"]
[Date "2017.10.23"]
[Round "2.3"]
[White "Gutman, Lev"]
[Black "Hundack, Rolf"]
[Result "1-0"]
[WhiteElo "2406"]
[BlackElo "2096"]
[PlyCount "73"]
[EventDate "2017.??.??"]

1. Nf3 Nf6 2. g3 g6 3. Bg2 Bg7 4. O-O O-O 5. d4 d6 6. c4 Nbd7 7. Nc3 c6 8. h3
e5 9. e4 Re8 10. Be3 h6 11. Qc2 Qe7 12. Rfe1 Nf8 13. Rad1 N6h7 14. b4 Ng5 15.
Nxg5 hxg5 16. d5 g4 17. h4 Bd7 18. c5 dxc5 19. bxc5 Rad8 20. Qb3 Bc8 21. Qa4 f5
22. exf5 gxf5 23. dxc6 Rxd1 24. Rxd1 bxc6 25. Qxc6 Ne6 26. Nd5 Qf7 27. Bg5 Kh8
28. Bf6 Bb7 29. Bxg7+ Kxg7 30. Qd6 Nd4 31. Nc7 Re7 32. Bxb7 Rxc7 33. Qxe5+ Kh7
34. Bg2 Nc6 35. Qd6 Nb4 36. c6 Na6 37. Re1 1-0

[Event "OL-NORD WEST 1718 Bremer SG - SV Lingen"]
[Site "?"]
[Date "2017.10.23"]
[Round "2.4"]
[White "Issing, Peter"]
[Black "Milenkovic, Mladen"]
[Result "1/2-1/2"]
[WhiteElo "2197"]
[BlackElo "2335"]
[PlyCount "87"]
[EventDate "2017.??.??"]

1. d4 Nf6 2. c4 e6 3. Nc3 Bb4 4. Qc2 c5 5. dxc5 Bxc5 6. Nf3 O-O 7. g3 d5 8. Bg2
d4 9. Ne4 Nxe4 10. Qxe4 Bb4+ 11. Bd2 Bxd2+ 12. Nxd2 Nc6 13. O-O e5 14. Nb3 Qe7
15. e3 f5 16. Qd5+ Be6 17. Qxe6+ Qxe6 18. Bd5 Rfe8 19. exd4 Nxd4 20. Nxd4 exd4
21. Rfd1 Rad8 22. Bxe6+ Rxe6 23. Rd2 Kf7 24. Rad1 Red6 25. f4 a5 26. Kf2 R8d7
27. Re1 Rc6 28. Re5 g6 29. b3 a4 30. Rd5 Rxd5 31. cxd5 Rc3 32. bxa4 Rc4 33. Rb2
Ke7 34. Rxb7+ Kd6 35. Rxh7 Rxa4 36. Ke2 Kxd5 37. Rd7+ Ke6 38. Rg7 Rxa2+ 39. Kd3
Kf6 40. Rh7 Ra4 41. Rd7 Ra2 42. Rh7 Ra4 43. Rd7 Ke6 44. Rg7 1/2-1/2

[Event "OL-NORD WEST 1718 Bremer SG - SV Lingen"]
[Site "?"]
[Date "2017.10.23"]
[Round "2.5"]
[White "Kollen, Zyon"]
[Black "Juhnke, Karl"]
[Result "1-0"]
[WhiteElo "2296"]
[BlackElo "2165"]
[PlyCount "87"]
[EventDate "2017.??.??"]

1. e4 c5 2. Nf3 d6 3. d4 cxd4 4. Nxd4 Nf6 5. Nc3 a6 6. Be3 e5 7. Nb3 Be6 8. f3
h5 9. Qd2 Nbd7 10. a4 Qc7 11. Be2 Rc8 12. O-O Be7 13. Rfc1 Nb6 14. Rd1 d5 15.
a5 Nc4 16. Bxc4 dxc4 17. Nc1 Bc5 18. Bxc5 Qxc5+ 19. Qf2 Ke7 20. N1e2 Qxf2+ 21.
Kxf2 Rc5 22. Ra4 Rd8 23. Rxd8 Kxd8 24. Nc1 Nd7 25. N1a2 Nb8 26. Nb4 Nc6 27.
Nxc6+ Rxc6 28. Ke2 Rc5 29. Nd1 Bd7 30. Ra1 g6 31. Kd2 f5 32. Kc3 Be6 33. exf5
gxf5 34. g3 Ke7 35. f4 h4 36. Ne3 Kf6 37. Ra4 hxg3 38. hxg3 e4 39. Kd4 Rb5 40.
Kc3 Rc5 41. Rb4 Rxa5 42. Rxb7 Ra1 43. Rb6 Rg1 44. g4 1-0